Pays européens par photos de lieux - Statistiques

Statistiques générales
  • Ce quiz a été pris 73 fois
  • Le résultat moyen est 15 sur 45
Statistiques - réponses
Par images Réponse % Correct
Espagne
75%
Danemark
73%
Royaume-Uni
73%
Pays-Bas
71%
Italie
65%
Suisse
63%
Croatie
62%
Irlande
58%
Allemagne
56%
Vatican
54%
Hongrie
48%
Islande
46%
France
40%
Tchéquie
40%
Liechtenstein
37%
Malte
37%
Slovaquie
37%
Ukraine
33%
Finlande
31%
Norvège
31%
Russie
29%
Pologne
27%
Roumanie
27%
Slovénie
27%
Kosovo
25%
Saint-Marin
25%
Bulgarie
23%
Luxembourg
23%
Estonie
21%
Lettonie
21%
Monaco
21%
Biélorussie
19%
Lituanie
19%
Monténégro
19%
Andorre
17%
Grèce
17%
Portugal
15%
Albanie
13%
Bosnie-Herzégovine
13%
Macédoine du Nord
13%
Suède
13%
Autriche
12%
Moldavie
12%
Serbie
12%
Belgique
10%
Aucun quiz correspondant
Distribution des résultats
% des personnes avec chaque résultat
Percentile par nombre de réponses
Votre historique - résultats
Vous n’avez pas pris ce quiz